Logo BPK

Biblioteka

Politechniki Koszalińskiej

Historia filozofii. (Rekord nr 46612)

Szczegóły MARC
000 -ETYKIETA REKORDU
podpole kontrolne o stałej długości 01014nam a2200277 i 4500
001 - NUMER KONTROLNY REKORDU
pole kontrolne bg
020 ## - MIĘDZYNARODOWY ZNORMALIZOWANY NUMER KSIĄŻKI - ISBN
ISBN 8321110517 (t. 8)
020 ## - MIĘDZYNARODOWY ZNORMALIZOWANY NUMER KSIĄŻKI - ISBN
ISBN 8321110509 (całość)
040 ## - ŹRÓDŁO KATALOGOWANIA
Instytucja, która utworzyła rekord BPK
041 1# - KOD JĘZYKA
Kod języka tekstu pol
Kod języka oryginału eng
080 ## - UNIWERSALNA KLASYFIKACJA DZIESIĘTNA - UKD
UKD 1(410)"17/19":1(73)"18/19"
920 ## - Międzynarodowy znormalizowany numer książki – ISBN
ISBN 83-211-1051-7 (t. 8)
920 ## - Międzynarodowy znormalizowany numer książki – ISBN
ISBN 83-211-1050-9 (całość)
008 - POLE O STAŁEJ DŁUGOŚCI - DANE KONTROLNE
podpole kontrolne o stałej długości s pl f |000 0 pol
100 1# - NAZWA OSOBOWA
Nazwa osobowa COPLESTON, Frederick
Daty związane z nazwą (1907- ).
245 10 - TYTUŁ/ODPOWIEDZIALNOŚĆ
Tytuł Historia filozofii.
Oznaczenie części/sekcji dzieła T.8,
Tytuł części/sekcji dzieła Od Benthama do Russella /
Pozostałe elementy strefy tytułu i oznaczenia odpowiedzialności Frederick Copleston ; przeł. Bohdan Chwedeńczuk.
246 ## - WARIANT TYTUŁU
Treść wyrażenia wprowadzającego Tyt. oryg.:
Tytuł A history of philosophy. Vol. 7 : Bentham to Russel
260 ## - STREFA ADRESU WYDAWNICZEGO
Miejsce wydania Warszawa :
Nazwa wydawcy/dystrybutora "Pax",
Data publikacji, dystrybucji/powstania dokumentu 1989.
300 ## - STREFA OPISU FIZYCZNEGO
Objętość 594 s. ;
Rozmiary 22 cm.
500 ## - UWAGI OGÓLNE
Tekst uwagi Tyt. oryg. : "A history of philosophy. Vol. 7 : Bentham to Russel". -.
504 ## - UWAGA DOTYCZĄCA BIBLIOGRAFII
Informacje o bibliografii Bibliogr. s. 568-575.
650 #9 - HASŁO PRZEDMIOTOWE W FORMIE NAZWY OGÓLNEJ LUB JEDNOSTKOWEJ
Nazwa ogólna lub geograficzna Filozofia
Określnik ogólny historia
Określnik geograficzny Wielka Brytania
Określnik chronologiczny 18-20 w.
650 #9 - HASŁO PRZEDMIOTOWE W FORMIE NAZWY OGÓLNEJ LUB JEDNOSTKOWEJ
Nazwa ogólna lub geograficzna Filozofia
Określnik ogólny historia
Określnik geograficzny Stany Zjednoczone
Określnik chronologiczny 19-20 w.
700 1# - HASŁO DODATKOWE - NAZWA OSOBOWA
Nazwa osobowa CHWEDEŃCZUK, Bohdan
Daty związane z nazwą (1938- ).
Określenie związku między hasłem a opisywanym materiałem Red.
856 ## - LOKALIZACJA I DOSTĘP DO ELEKTRONICZNYCH DOKUMENTÓW ZDALNYCH
Link (URL) http://koha.tu.koszalin.pl/cgi-bin/koha/opac-detail.pl?biblionumber=46612
Tekst linku Katalog online BPK
942 ## - DODATKOWE ELEMENTY (KOHA)
Typ dokumentu Książka
Egzemplarze
Wycofany Status egzemplarza Uszkodzony Dostępność Lokalizacja stała Lokalizacja bieżąca Miejsce przechowywania Sygnatura Kod kreskowy Ostatnio wypożyczono Typ dokumentu
      Dostępny Biblioteka Politechniki Koszalińskiej Biblioteka Politechniki Koszalińskiej Wypożyczalnia BG 76652 02272054 18.10.2014 Książka
© 2023 Biblioteka Politechniki Koszalińskiej :: KOHA